Quizzes
Events
Quiz Creation
Community
Videos
Private Events
Remove Ads
Sign In
Join for FREE
Feedback
Dark Mode
Quiz Categories
Sports
Geography
Music
Movies
Television
Just For Fun
Miscellaneous
History
Literature
Language
Science
Gaming
Entertainment
Religion
Holiday
For Kids
Quiz Lab
Recent
Popular Today
Quiz Kudos Today
Editor Picks
Curator Picks
Quizzes by...
Day
Popularity
Type
Ratings
Length
Year
Community
Subscriptions
Recent Discussions
Orange Saloon
Badges
Playlists
Quests
Create
Leaderboards
Showdown
Live 5
Trivia Bingo
Activity
Puzzle Library
Sporcle Events
Private Events
Virtual Trivia
Globe League
Become a Host
Pub Owners
SporcleCon
Opinionation
Our Games
Videos
Blog
Mobile Apps
Partnerships
Remove Ads and Go Orange
Feedback
Science
Computer
Plants
Astronomy
Chemistry
Elements
Math
Animal
Physics
Anatomy
Biology
Geology
General Science
Science
Computer
Plants
Astronomy
Chemistry
Elements
Math
Animal
Physics
Anatomy
Biology
Geology
General Science
Random Quiz
Search Sporcle
×
Quiz Lab
Quiz Lab
Science
Type in answers that appear in a list
Type in answers that appear in a list
Classic
Best Score? Go Orange.
Hypersensitivity pneumonitis Stats
Can you name the Hypersensitivity pneumonitis
By
csim2
20m
19 Questions
17 Plays
17 Plays
17 Plays
Comments
Comments
Give Quiz Kudos
Give Quiz Kudos
-
- Ratings
hide this ad
Forced Order
Answers have to be entered in order
Answers have to be entered in order
Replay
Link that replays current quiz
Next Quiz
Link to next quiz in quiz playlist
You Got
0%
They Got
Avg Score
47%
Avg Friend Score
Upgrade to see
Score Distribution
Jump to the score distribution portion of the page
Score
0/19
Timer
20:00
0
Plays Today
Hint
Answer
% Correct
As a response to inhalation of _
_
Organic dusts
100%
Characterised by a widespread diffuse inflammatory reacton in the _
_
of the lung
Alveoli & small airways
94.1%
This condition was previously called _
_
Allergic alveolitis
88.2%
The most common type is _
_
Farmer's lung
76.5%
Which affects up to _
_
of the farming community in poor wet areas around the world
1/10
76.5%
Several hours after exposure to the causative antigen there is _
_
Fever, malaise, cough & SOB
70.6%
Physical examination reveals _
_
Tachypnoea
64.7%
And _
_
crackles & wheezes
Coarse end-respiratory
47.1%
Continuing exposure leads to a chronic illness with the features of _
_
Pulmonary fibrosis
41.2%
Clinical features include _
_
Weight loss, effort dyspnoea, cough
41.2%
Hint
Answer
% Correct
CXR shows _
_
shadowing
Fluffy, nodular
35.3%
Particularly in the _
_
zones
Upper
29.4%
With the subsequent development of _
_
Streaky shadows
29.4%
High-
resolution CT shows reticular & nodular changes with _
_
opacity
Ground-glass
17.6%
FBC shows a raised _
_
in acute cases
White cell count
17.6%
Precipitating _
_
to causative antigens are present in the serum
Antibodies
17.6%
Lung function tests show a _
_
defect with a decrease in gas transfer
Restrictive
17.6%
Though this is evidence of _
_
not disease
Exposure
17.6%
Bronchoalveolar lavage shows increased _
_
T lymphocytes & granulocytes
11.8%
Quiz Playlist
Details
Report
Send in Message
Add To Playlist
Classic:
Type in answers that appear in a list
Forced Order:
Answers have to be entered in order
Last Updated: Feb 16, 2017
Quiz Scoreboard
CHALLENGE
Sign Up to Join the Scoreboard
Show All
Scores
Hide
Comments
May contain spoilers
Recently Published
An Introduction to Baseball
by treessimontrees
Sports
5m
Movies - When Are They Set?
by FPL_Elf
Movies
5m
Popular People in 1961
by mucciniale
History
6m
More to Explore
Quiz From the Vault
Featured Blog Post
Where Did the Easter Bunny Come From?
hide this ad
You Might Also Like...
Tags
This quiz does not have any tags.
Today's Top Quizzes in Science
Browse Science
hide this ad
Top Contributed Quizzes in Science
1
Quick Pick: 'CI-CJ' Animals
2
Quick Pick: Radians
3
Elements In Images
4
One Thing in Common: Science
5
One Thing in Common: Science III
6
Count to 60
7
One Thing in Common: Science II
8
One Thing in Common: Animals
9
Square Numbers Scrambled (1-50)
10
Order Up: Organs and Body Systems
Explore More
Trending Topics
Kpop
Disney
NBA
Marvel
Anime
Crossword
Harry Potter
Soccer
WWE
The Office
Puzzle
NFL
Pokémon
Song
Country
hide this ad
More By:
csim2
Quiz
Plays
Rating
Category
Featured
Created
Hepatitis B Serology
146
Science
Dec 7, 2014
Angina
47
Science
Dec 9, 2014
Autosomal Dominant Polycystic Kidney Disease
46
Science
Dec 8, 2014
Acute pericarditis
37
Science
Dec 9, 2014
Breast Cancer
36
Science
Dec 8, 2014
Go to Creator's Profile
Score Distribution
Quiz Creator Spotlight
csim2
Follow
Send a Message
Quizzes Created
-
Created Quiz Play Count
-
More By This Creator
Popular Quizzes Today
1
Find the Countries of Europe - No Outlines Minefield
2
Find the US States - No Outlines Minefield
3
The Countries of the World
4
Popular People in 1961
5
US States
6
Find the US States
7
1-10 Letter E Words III
8
Risky Map Clicking: Biggest States A-Z
More Science Quizzes
Biology Definitions: Homeostasis & Response
Curator's Pick
Trending Quizzes
Risky Map Clicking: Least Populous States A-Z
1-10 Letter F Words
1-10 Letter G Words
One Thing in Common: United Kingdom
Not Quite an Element Typing Challenge
Recently Updated
Leaping Animals
pecheneg
Reality TV Shows (A-Z)
bhenderson79
Rickey Henderson's Hall of Fame Teammates
pecheneg
Champions League XIs: Arsenal
pecheneg
Quick Pick: Celebrities in WWE's Hall of Fame
aduchscher
A-Z Keypad Blitz II
pecheneg
Multiple Oscar Actors
pecheneg
Mystery Phrase Blitz: Oscar 'Best Actors'
pecheneg
F. Scott Fitzgerald Novels
LTH
Pick 3 Villains
ddd62291
Trending Topics
Anime
Marvel
Crossword
Kpop
Harry Potter
Disney
NBA
Puzzle
Soccer
Pokémon
Country
NFL
WWE
Song
The Office
Your Account Isn't Verified!
In order to create a playlist on Sporcle, you need to verify the email address you used during registration. Go to your
Sporcle Settings
to finish the process.
Report this User
Report this user for behavior that violates our
Community Guidelines
.
Details:
Send Report
Go to the Sporcle.com Mobile Site →
Comments